| 000 | 01400cam a2200349 a 4500 | ||
|---|---|---|---|
| 001 | 12037898 | ||
| 003 | MUT | ||
| 005 | 20240606081347.0 | ||
| 008 | 000612s2000 onca b 001 0 eng d | ||
| 010 | _a 00268125 | ||
| 015 | _aGBA0-33989 | ||
| 020 | _a0471644307 | ||
| 035 | _a(OCoLC)ocm44059189 | ||
| 040 | _cMUT | ||
| 042 | _alccopycat | ||
| 050 | 0 | 0 |
_aHC 79.H53 _bW56 2000 |
| 082 | 0 | 0 |
_a658.8/02 _221 |
| 245 | 0 | 0 |
_aWinning market leadership : _bstrategic market planning for technology-driven businesses / |
| 260 |
_aToronto ; _aChichester : _bWiley Canada, _cc2000. |
||
| 300 |
_axviii, 309 p. : _bill. ; _c24 cm. |
||
| 504 | _aIncludes bibliographical references and index. | ||
| 650 | 0 |
_aHigh technology _xMarketing. |
|
| 650 | 0 | _aStrategic planning. | |
| 650 | 0 |
_aMarketing _xPlanning. |
|
| 700 | 1 |
_aRyans, Adrian B., _d1945- |
|
| 856 | 4 | 2 |
_3Contributor biographical information _uhttp://www.loc.gov/catdir/bios/wiley042/00268125.html |
| 856 | 4 | 2 |
_3Publisher description _uhttp://www.loc.gov/catdir/description/wiley034/00268125.html |
| 856 | 4 |
_3Table of Contents _uhttp://www.loc.gov/catdir/toc/onix05/00268125.html |
|
| 906 |
_a7 _bcbc _ccopycat _d2 _encip _f20 _gy-gencatlg |
||
| 942 |
_2lcc _cBK |
||
| 999 |
_c16015 _d16015 |
||